[Event "Bad Woerishofen op 24th"]
[Site "Bad Woerishofen"]
[Date "2008.03.06"]
[Round "8"]
[White "Oberpriller, Josef"]
[Black "Salomon, Heide"]
[Result "1-0"]
[WhiteElo "1830"]
[BlackElo "1550"]
[PlyCount "73"]
[EventDate "2008.02.28"]
[EventType "swiss"]
[EventRounds "9"]
[EventCountry "GER"]
[SourceTitle "EXT 2022"]
[Source "ChessBase"]
[SourceDate "2021.10.06"]
[SourceVersion "1"]
[SourceVersionDate "2021.10.06"]
[SourceQuality "1"]

1. d4 d5 2. Nc3 Nf6 3. Bg5 e6 4. e4 h6 5. Bxf6 gxf6 6. exd5 exd5 7. Qf3 Be6 8. Bd3 Nd7 9. Nxd5 Bxd5 10. Qxd5 c6 11. Qe4+ Be7 12. Nf3 Qa5+ 13. c3 0-0-0 14. 0-0 Rde8 15. Qf5 Qc7 16. Bc4 Kb8 17. Bxf7 Ref8 18. Bb3 Bd6 19. Rfe1 Nb6 20. Re6 Bxh2+ 21. Nxh2 Qg7 22. Re3 Nd5 23. Bxd5 cxd5 24. Qxd5 Qc7 25. Rae1 Rhg8 26. Qxg8 Rxg8 27. Re8+ Qc8 28. Rxc8+ Rxc8 29. Ng4 f5 30. Nxh6 f4 31. f3 Rc6 32. Nf5 a5 33. d5 Rc5 34. Re5 Kc7 35. d6+ Kc6 36. Rxc5+ Kxc5 37. d7 1-0

[Event "Bad Woerishofen op 24th"]
[Site "Bad Woerishofen"]
[Date "2008.03.04"]
[Round "6"]
[White "Strasser, Josef"]
[Black "Salomon, Heide"]
[Result "1-0"]
[WhiteElo "1790"]
[BlackElo "1550"]
[PlyCount "83"]
[EventDate "2008.02.28"]
[EventType "swiss"]
[EventRounds "9"]
[EventCountry "GER"]
[SourceTitle "EXT 2022"]
[Source "ChessBase"]
[SourceDate "2021.10.06"]
[SourceVersion "1"]
[SourceVersionDate "2021.10.06"]
[SourceQuality "1"]

1. e4 e5 2. d4 exd4 3. Qxd4 Nc6 4. Qe3 Nf6 5. Nc3 Bb4 6. Bd2 0-0 7. 0-0-0 d6 8. Bc4 Be6 9. Bd3 Ne5 10. f3 Nxd3+ 11. Qxd3 c6 12. a3 a5 13. axb4 axb4 14. Nb1 Qa5 15. b3 d5 16. e5 Nd7 17. f4 c5 18. Ne2 c4 19. Qe3 c3 20. Nexc3 bxc3 21. Bxc3 Qc7 22. Qf3 Rfc8 23. f5 Nxe5 24. Qf2 Bd7 25. Rxd5 f6 26. Rhd1 Be8 27. Qe2 Bf7 28. Rb5 Ra6 29. Rd2 Rc6 30. Bxe5 fxe5 31. c3 Re8 32. Qd1 e4 33. Rd7 Qf4+ 34. Kb2 Qf2+ 35. Rd2 Qh4 36. g3 Qe7 37. Rd7 Qf8 38. Rbxb7 Ra8 39. Rxf7 Qc5 40. Rxg7+ Kf8 41. Rbf7+ Ke8 42. Qd7# 1-0

[Event "Bad Woerishofen op 24th"]
[Site "Bad Woerishofen"]
[Date "2008.02.29"]
[Round "2"]
[White "Wacker, Peter"]
[Black "Salomon, Heide"]
[Result "1-0"]
[WhiteElo "2207"]
[BlackElo "1550"]
[PlyCount "95"]
[EventDate "2008.02.28"]
[EventType "swiss"]
[EventRounds "9"]
[EventCountry "GER"]
[SourceTitle "EXT 2022"]
[Source "ChessBase"]
[SourceDate "2021.10.06"]
[SourceVersion "1"]
[SourceVersionDate "2021.10.06"]
[SourceQuality "1"]

1. c4 e5 2. Nc3 Nf6 3. g3 Nc6 4. Bg2 Bc5 5. e3 Qe7 6. d3 d6 7. Nge2 Bg4 8. h3 Bxe2 9. Qxe2 Nd8 10. 0-0 c6 11. a3 0-0 12. Qc2 Ne6 13. Na4 h6 14. b4 Bb6 15. Nxb6 axb6 16. Bb2 Nh7 17. f4 Rfe8 18. Rae1 Qd7 19. Kh2 exf4 20. exf4 d5 21. cxd5 cxd5 22. Qf2 f5 23. Qxb6 Ra6 24. Qf2 Rf8 25. Re5 Rd6 26. Rfe1 Rf6 27. Qf3 g5 28. Rxd5 Rf7 29. Rxd6 Qxd6 30. Qd5 Qxd5 31. Bxd5 Nc7 32. Bxf7+ Kxf7 33. Re5 gxf4 34. gxf4 Ne8 35. Rxf5+ Kg6 36. Rb5 Nc7 37. Rb6+ Kf5 38. Rxh6 Kxf4 39. Rxh7 Ne6 40. Rf7+ Kg5 41. Kg3 Nd8 42. h4+ Kg6 43. Rf6+ Kh7 44. h5 Nc6 45. Rf8 Kh6 46. Kh4 Ne5 47. Bxe5 b5 48. Rh8# 1-0

[Event "Bayern-ch Seniors 19th"]
[Site "Schloss Schney"]
[Date "2007.06.12"]
[Round "1"]
[White "Salomon, Heide"]
[Black "Leuschner, Guenter"]
[Result "0-1"]
[WhiteElo "1548"]
[BlackElo "1796"]
[PlyCount "64"]
[EventDate "2007.06.12"]
[EventType "swiss"]
[EventRounds "9"]
[EventCountry "GER"]
[SourceTitle "EXT 2008"]
[Source "ChessBase"]
[SourceDate "2007.11.25"]
[SourceVersion "1"]
[SourceVersionDate "2007.11.25"]
[SourceQuality "1"]

1. e4 e5 2. Bc4 d6 3. Nc3 c6 4. d4 Nd7 5. Nf3 Be7 6. 0-0 Qc7 7. d5 Ngf6 8. Ng5 0-0 9. f4 Nb6 10. Bd3 h6 11. Nh3 cxd5 12. f5 dxe4 13. Bxe4 d5 14. Nxd5 Nbxd5 15. Qf3 Nxe4 16. Qxe4 Nf6 17. Qe2 Bd7 18. c4 Rac8 19. b3 Bc5+ 20. Kh1 Bd4 21. Rb1 Bc6 22. Bb2 Rcd8 23. Ba3 Rfe8 24. b4 Bc3 25. Bc1 Qd6 26. b5 Be4 27. Rb3 Bd3 28. Qf2 Bxf1 29. Rxc3 Ne4 30. Qe1 Nxc3 31. Qxc3 Qd3 32. Qb2 Qe2 0-1

[Event "Bayern-ch Seniors 18th"]
[Site "Schloss Schney"]
[Date "2006.06.30"]
[Round "6"]
[White "Salomon, Heide"]
[Black "Fiedler, Werner"]
[Result "1-0"]
[WhiteElo "1522"]
[BlackElo "1629"]
[PlyCount "73"]
[EventDate "2006.06.25"]
[EventType "swiss"]
[EventRounds "9"]
[EventCountry "GER"]
[SourceTitle "EXT 2007"]
[Source "ChessBase"]
[SourceDate "2006.11.23"]
[SourceVersion "1"]
[SourceVersionDate "2006.11.23"]
[SourceQuality "1"]

1. e4 c5 2. Nf3 e6 3. Nc3 a6 4. a4 Nc6 5. d4 cxd4 6. Nxd4 Qc7 7. Nxc6 bxc6 8. Bd3 h6 9. 0-0 Bb7 10. Qe2 Bd6 11. f4 Ne7 12. e5 Bc5+ 13. Kh1 d5 14. exd6 Bxd6 15. Ne4 c5 16. Bd2 0-0 17. Nxd6 Qxd6 18. Bc3 Rfe8 19. Qg4 g6 20. Be5 Qd5 21. Rad1 Qc6 22. b3 Nf5 23. Bxf5 exf5 24. Qh3 Rad8 25. c4 Rxd1 26. Rxd1 Qe4 27. Qg3 Kh7 28. h4 g5 29. hxg5 hxg5 30. Qxg5 Rxe5 31. fxe5 Qxe5 32. Rd7 Qa1+ 33. Kh2 Qe5+ 34. Qg3 Qxg3+ 35. Kxg3 f4+ 36. Kxf4 Bxg2 37. Rxf7+ 1-0

[Event "Bad Woerishofen Seniors opA 22th"]
[Site "Bad Woerishofen"]
[Date "2006.03.23"]
[Round "7"]
[White "Salomon, Heide"]
[Black "Lueders, Guenter"]
[Result "0-1"]
[WhiteElo "1529"]
[BlackElo "1671"]
[PlyCount "52"]
[EventDate "2006.03.17"]
[EventType "swiss"]
[EventRounds "9"]
[EventCountry "GER"]
[SourceTitle "EXT 2022"]
[Source "ChessBase"]
[SourceDate "2021.10.06"]
[SourceVersion "1"]
[SourceVersionDate "2021.10.06"]
[SourceQuality "1"]

1. e4 c5 2. d4 cxd4 3. c3 dxc3 4. Bc4 e6 5. Nf3 Nc6 6. Nxc3 a6 7. a4 Qc7 8. 0-0 h6 9. Re1 d6 10. Qc2 Nf6 11. Bd2 Be7 12. Rac1 Bd7 13. Bd3 Qb8 14. Be3 0-0 15. h3 Rc8 16. Qd2 b6 17. Bb1 Qb7 18. Bxh6 Bf8 19. Be3 Na5 20. e5 Nc4 21. Qc2 Nxe5 22. Nxe5 dxe5 23. Bg5 Be7 24. Bxf6 Bxf6 25. Qh7+ Kf8 26. Be4 Bc6 0-1

[Event "Bad Woerishofen Seniors opA 22th"]
[Site "Bad Woerishofen"]
[Date "2006.03.22"]
[Round "6"]
[White "Sieghardt, Walter"]
[Black "Salomon, Heide"]
[Result "0-1"]
[WhiteElo "1477"]
[BlackElo "1529"]
[PlyCount "86"]
[EventDate "2006.03.17"]
[EventType "swiss"]
[EventRounds "9"]
[EventCountry "GER"]
[SourceTitle "EXT 2022"]
[Source "ChessBase"]
[SourceDate "2021.10.06"]
[SourceVersion "1"]
[SourceVersionDate "2021.10.06"]
[SourceQuality "1"]

1. d4 e5 2. e3 exd4 3. exd4 d5 4. Be3 Nf6 5. h3 Bd6 6. Bd3 Qe7 7. Qf3 Nc6 8. c3 0-0 9. Ne2 Re8 10. 0-0 Ne4 11. Re1 Ng5 12. Qh5 Ne4 13. Qxd5 Nf6 14. Qf3 Be6 15. Nf4 Bxf4 16. Qxf4 Nd5 17. Qg3 f5 18. Nd2 Nxe3 19. fxe3 Qf7 20. c4 Nb4 21. Bb1 c6 22. a3 Na6 23. Bd3 Rad8 24. Rf1 Qd7 25. Rf2 Rf8 26. Raf1 Rf6 27. Qe5 Rdf8 28. e4 fxe4 29. Rxf6 Rxf6 30. Bxe4 Rxf1+ 31. Nxf1 Bxc4 32. Ne3 Bf7 33. Nf5 Be6 34. Nd6 Bd5 35. Bxd5+ cxd5 36. Qxd5+ Kf8 37. Qe5 Qc6 38. Kh2 Nc7 39. Nf5 Qd7 40. Qc5+ Kf7 41. Nd6+ Kg6 42. Nxb7 Ne6 43. Nd6 Nxc5 0-1

[Event "Bad Woerishofen Seniors opA 22th"]
[Site "Bad Woerishofen"]
[Date "2006.03.21"]
[Round "5"]
[White "Salomon, Heide"]
[Black "Schmieder, Wolfgang Ernst"]
[Result "0-1"]
[WhiteElo "1529"]
[BlackElo "1620"]
[PlyCount "114"]
[EventDate "2006.03.17"]
[EventType "swiss"]
[EventRounds "9"]
[EventCountry "GER"]
[SourceTitle "EXT 2022"]
[Source "ChessBase"]
[SourceDate "2021.10.06"]
[SourceVersion "1"]
[SourceVersionDate "2021.10.06"]
[SourceQuality "1"]

1. e4 c5 2. d4 cxd4 3. c3 dxc3 4. Bc4 e6 5. Nxc3 a6 6. Nf3 Nc6 7. 0-0 b5 8. Bb3 Be7 9. Bd2 Bb7 10. Re1 Qc7 11. Rc1 Nf6 12. e5 Ng4 13. h3 Nh6 14. Bxh6 gxh6 15. Ne4 Rg8 16. Nf6+ Bxf6 17. exf6 Qf4 18. Bd5 Qxf6 19. Be4 Rd8 20. Qd6 Qe7 21. Qc7 d5 22. Rxc6 Qxc7 23. Rxc7 dxe4 24. Ne5 Bd5 25. Nxf7 Rd7 26. Rxd7 Kxd7 27. a3 e3 28. Ne5+ Ke7 29. f3 Rc8 30. Rxe3 Rc2 31. b4 h5 32. Nd3 Rc3 33. Kf2 Rxa3 34. Nf4 Rxe3 35. Kxe3 h4 36. Kd4 Kd6 37. Nd3 Bc4 38. Nc5 Bf1 39. Ne4+ Kd7 40. g3 hxg3 41. Nxg3 Bxh3 42. f4 Bg2 43. Kc5 Bf3 44. Kb6 h5 45. Kxa6 h4 46. Nf1 Kd6 47. Nh2 Be2 48. Kb6 h3 49. Kb7 Kd5 50. Kc7 Ke4 51. Kd6 Bc4 52. Ng4 Kxf4 53. Nf2 h2 54. Nh1 Kf3 55. Ke5 Kg2 56. Kf4 Kxh1 57. Kg4 Kg2 0-1

[Event "Chiemgau Seniors Cup 1st"]
[Site "Bergen"]
[Date "2005.10.18"]
[Round "8"]
[White "Jurgan, Brigitte"]
[Black "Salomon, Heide"]
[Result "0-1"]
[WhiteElo "1192"]
[BlackElo "1464"]
[PlyCount "56"]
[EventDate "2005.10.11"]
[EventType "swiss"]
[EventRounds "9"]
[EventCountry "GER"]
[SourceTitle "EXT 2007"]
[Source "ChessBase"]
[SourceDate "2006.11.23"]
[SourceVersion "1"]
[SourceVersionDate "2006.11.23"]
[SourceQuality "1"]

1. d4 Nf6 2. c4 e5 3. e3 exd4 4. exd4 Bb4+ 5. Bd2 Bxd2+ 6. Nxd2 0-0 7. Ngf3 Re8+ 8. Be2 d6 9. 0-0 Nc6 10. d5 Ne5 11. h3 Bf5 12. Nxe5 dxe5 13. f3 Qd6 14. Ne4 Bxe4 15. fxe4 Qb6+ 16. Kh1 Nxe4 17. Qe1 Qxb2 18. Rb1 Qxe2 19. Qxe2 Ng3+ 20. Kh2 Nxe2 21. Rxb7 f6 22. Rxc7 Rec8 23. Rxc8+ Rxc8 24. Re1 Nd4 25. Rc1 e4 26. Rc3 Kf7 27. Kg3 Ne2+ 28. Kh2 Nxc3 0-1

[Event "Chiemgau Seniors Cup 1st"]
[Site "Bergen"]
[Date "2005.10.17"]
[Round "7"]
[White "Klinger, Rudolf"]
[Black "Salomon, Heide"]
[Result "1-0"]
[WhiteElo "1904"]
[BlackElo "1464"]
[PlyCount "55"]
[EventDate "2005.10.11"]
[EventType "swiss"]
[EventRounds "9"]
[EventCountry "GER"]
[SourceTitle "EXT 2007"]
[Source "ChessBase"]
[SourceDate "2006.11.23"]
[SourceVersion "1"]
[SourceVersionDate "2006.11.23"]
[SourceQuality "1"]

1. e4 e5 2. Bc4 b5 3. Bxb5 Bb7 4. Nc3 Nf6 5. d3 Bb4 6. a3 Bxc3+ 7. bxc3 0-0 8. Ne2 c6 9. Ba4 d5 10. f3 dxe4 11. Bg5 exd3 12. cxd3 Nbd7 13. 0-0 h6 14. Bh4 g5 15. Bg3 Nd5 16. Bf2 Nf4 17. d4 Nb6 18. Bb3 Nxe2+ 19. Qxe2 exd4 20. Bxd4 Re8 21. Qd3 Nd5 22. Rae1 Qa5 23. Bc2 f5 24. Qxf5 Qc7 25. Qg6+ Kf8 26. Qxh6+ Kg8 27. Qh8+ Kf7 28. Qg7# 1-0

[Event "Chiemgau Seniors Cup 1st"]
[Site "Bergen"]
[Date "2005.10.16"]
[Round "6"]
[White "Salomon, Heide"]
[Black "Harke, Horst"]
[Result "0-1"]
[WhiteElo "1464"]
[BlackElo "1949"]
[PlyCount "96"]
[EventDate "2005.10.11"]
[EventType "swiss"]
[EventRounds "9"]
[EventCountry "GER"]
[SourceTitle "EXT 2007"]
[Source "ChessBase"]
[SourceDate "2006.11.23"]
[SourceVersion "1"]
[SourceVersionDate "2006.11.23"]
[SourceQuality "1"]

1. e4 c6 2. Nf3 d6 3. d4 Bg4 4. h3 Bxf3 5. Qxf3 Nd7 6. Bd2 e6 7. Bd3 Qf6 8. Qg3 h6 9. Bc3 e5 10. d5 Nc5 11. 0-0 Qf4 12. Qxf4 exf4 13. dxc6 bxc6 14. Re1 Nxd3 15. cxd3 f6 16. Nd2 Ne7 17. d4 d5 18. exd5 cxd5 19. Rac1 Rc8 20. Nb3 Kf7 21. Nc5 Ng6 22. Nd3 Bd6 23. f3 Ne7 24. Re2 Rhe8 25. Rec2 g5 26. Bb4 Rxc2 27. Rxc2 Bxb4 28. Nxb4 Ke6 29. Re2+ Kd6 30. Nd3 Rb8 31. Nc5 Re8 32. Re6+ Kc7 33. Rxf6 Nc6 34. Rf7+ Re7 35. Rxe7+ Nxe7 36. Kf2 Nf5 37. Nb3 Kb6 38. a4 Ne3 39. Ke2 Nxg2 40. Nd2 Ka5 41. Nb1 Ne3 42. Nc3 a6 43. Kd2 Kb4 44. Kc1 Kc4 45. Na2 Nf5 46. b4 Nxd4 47. Kb2 Nxf3 48. a5 d4 0-1

[Event "Bad Woerishofen Seniors op 21st"]
[Site "Bad Woerishofen"]
[Date "2005.03.10"]
[Round "8"]
[White "Mahrla, Hans"]
[Black "Salomon, Heide"]
[Result "1/2-1/2"]
[WhiteElo "1626"]
[BlackElo "1523"]
[PlyCount "139"]
[EventDate "2005.03.03"]
[EventType "swiss"]
[EventRounds "9"]
[EventCountry "GER"]
[SourceTitle "EXT 2006"]
[Source "ChessBase"]
[SourceDate "2005.11.24"]
[SourceVersion "1"]
[SourceVersionDate "2005.11.24"]
[SourceQuality "1"]

1. e4 e5 2. Nf3 Nf6 3. Nxe5 d6 4. Nf3 Nxe4 5. d4 d5 6. Bd3 Be6 7. 0-0 Bd6 8. Re1 f5 9. c4 0-0 10. c5 Be7 11. Nc3 Nc6 12. Ne2 Bf6 13. Nf4 Bf7 14. Be3 Qd7 15. a3 Rfe8 16. b4 Rab8 17. Qc2 Nd8 18. Rab1 c6 19. Rb3 Ne6 20. Nxe6 Bxe6 21. Bf4 Rbd8 22. b5 g5 23. bxc6 bxc6 24. Be5 Qg7 25. Bxf6 Qxf6 26. Ne5 Bc8 27. f3 g4 28. fxe4 dxe4 29. Bc4+ Kf8 30. Qf2 Kg7 31. Rf1 h5 32. Nf7 Qxd4 33. Nxd8 Qxc4 34. Qb2+ Kg6 35. Nxc6 Qxc5+ 36. Qf2 Qxc6 37. Qxa7 Re6 38. Rfb1 Qc2 39. Rb6 e3 40. Rxe6+ Bxe6 41. Qb6 Qf2+ 42. Kh1 Qa2 43. Qb5 f4 44. Qe8+ Bf7 45. Qe4+ Kg7 46. Qe5+ Kh7 47. Qf5+ Kg7 48. Qe4 f3 49. gxf3 gxf3 50. Rg1+ Kf8 51. Qb4+ Ke8 52. Qb5+ Ke7 53. Qc5+ Kf6 54. Qg5+ Ke6 55. Qxe3+ Kd6 56. Rd1+ Bd5 57. Qf4+ Kc6 58. Rc1+ Kb7 59. Qb4+ Ka6 60. Qd6+ Ka7 61. Qc5+ Ka6 62. Qd6+ Ka7 63. Rc7+ Bb7 64. Qc5+ Kb8 65. Rxb7+ Kxb7 66. Qe7+ Kc6 67. Qf6+ Kc5 68. Qxf3 Qb1+ 69. Kg2 Qg6+ 70. Qg3 1/2-1/2

[Event "Bad Woerishofen Seniors op 21st"]
[Site "Bad Woerishofen"]
[Date "2005.03.08"]
[Round "6"]
[White "Ludwig, Egbert"]
[Black "Salomon, Heide"]
[Result "0-1"]
[WhiteElo "1098"]
[BlackElo "1523"]
[PlyCount "30"]
[EventDate "2005.03.03"]
[EventType "swiss"]
[EventRounds "9"]
[EventCountry "GER"]
[SourceTitle "EXT 2006"]
[Source "ChessBase"]
[SourceDate "2005.11.24"]
[SourceVersion "1"]
[SourceVersionDate "2005.11.24"]
[SourceQuality "1"]

1. d4 Nf6 2. Nf3 e6 3. c4 Bb4+ 4. Nbd2 0-0 5. g3 d5 6. b3 dxc4 7. bxc4 Bc3 8. Bg2 Bxa1 9. Nb3 Bc3+ 10. Bd2 Bxd2+ 11. Nbxd2 Bd7 12. Ne5 Bc6 13. 0-0 Bxg2 14. Kxg2 Qxd4 15. f4 Nc6 0-1

[Event "Bad Woerishofen Seniors op 21st"]
[Site "Bad Woerishofen"]
[Date "2005.03.07"]
[Round "5"]
[White "Salomon, Heide"]
[Black "Kahler, Kurt"]
[Result "0-1"]
[WhiteElo "1523"]
[BlackElo "1673"]
[PlyCount "132"]
[EventDate "2005.03.03"]
[EventType "swiss"]
[EventRounds "9"]
[EventCountry "GER"]
[SourceTitle "EXT 2006"]
[Source "ChessBase"]
[SourceDate "2005.11.24"]
[SourceVersion "1"]
[SourceVersionDate "2005.11.24"]
[SourceQuality "1"]

1. e4 e6 2. d4 d5 3. e5 c5 4. Bb5+ Bd7 5. Bxd7+ Qxd7 6. Be3 cxd4 7. Bxd4 Nc6 8. Nf3 Be7 9. 0-0 Nh6 10. Re1 0-0 11. c3 Rac8 12. Nbd2 Nxd4 13. Nxd4 Rce8 14. N2f3 f6 15. Qe2 Bc5 16. exf6 Rxf6 17. Ne5 Qe7 18. Qd2 Nf5 19. Ndf3 Nd6 20. Nd3 Ne4 21. Qc2 Bd6 22. Nde5 Bxe5 23. Rxe4 Bxh2+ 24. Nxh2 dxe4 25. Qxe4 Qc5 26. Ng4 Rf7 27. Rd1 Qf5 28. Qc4 h5 29. Nh2 Qxf2+ 30. Kh1 Qxb2 31. Nf3 Qf2 32. Rd4 Qg3 33. Rh4 Rd7 34. Rd4 Rxd4 35. Nxd4 Qe1+ 36. Kh2 Qe5+ 37. Kg1 Qe3+ 38. Kh2 Qe5+ 39. Kg1 Qe1+ 40. Kh2 Qh4+ 41. Kg1 Qe1+ 42. Kh2 Qe5+ 43. Kg1 Qe3+ 44. Kh2 Qe5+ 45. Kg1 Kh7 46. Qd3+ g6 47. Nf3 Qd5 48. Qe3 b6 49. Ng5+ Kg7 50. Qf4 e5 51. Qa4 Re7 52. Nf3 e4 53. Nd4 Rf7 54. Qe8 Kh7 55. Ne6 Rb7 56. Nf4 Qc5+ 57. Kh1 Qf5 58. Ne6 Rf7 59. Ng5+ Kg7 60. Nxf7 Qxf7 61. Qxe4 Qxa2 62. Qe7+ Qf7 63. Qe5+ Kh7 64. Kh2 a5 65. Qb5 Qc7+ 66. Kg1 Qc5+ 0-1

[Event "Bad Woerishofen Seniors op 21st"]
[Site "Bad Woerishofen"]
[Date "2005.03.03"]
[Round "1"]
[White "Reimann, Guenther"]
[Black "Salomon, Heide"]
[Result "1-0"]
[WhiteElo "1927"]
[BlackElo "1523"]
[PlyCount "111"]
[EventDate "2005.03.03"]
[EventType "swiss"]
[EventRounds "9"]
[EventCountry "GER"]
[SourceTitle "EXT 2006"]
[Source "ChessBase"]
[SourceDate "2005.11.24"]
[SourceVersion "1"]
[SourceVersionDate "2005.11.24"]
[SourceQuality "1"]

1. c4 e5 2. d3 Bb4+ 3. Bd2 Qe7 4. a3 Bxd2+ 5. Nxd2 Nf6 6. Ngf3 Nc6 7. g3 d6 8. Bg2 Bd7 9. b4 0-0 10. 0-0 Rab8 11. Re1 Rfe8 12. Qc2 Bf5 13. e4 Bg6 14. b5 Nd8 15. a4 Ne6 16. Nb3 Nc5 17. Nh4 Ne6 18. a5 b6 19. axb6 cxb6 20. Ra6 Rec8 21. Rea1 Rc7 22. Qa2 Rbb7 23. Nf5 Qd7 24. Qa3 Nc5 25. Nxc5 dxc5 26. Bh3 Bxf5 27. exf5 e4 28. dxe4 Nxe4 29. Qe3 Qd4 30. Bg2 Re7 31. Qxd4 cxd4 32. Bxe4 Rxe4 33. Rxa7 Rxa7 34. Rxa7 Kf8 35. Rd7 Ke8 36. Rd5 d3 37. Rxd3 Rxc4 38. Rd6 Rc5 39. Rxb6 Rxf5 40. g4 Rg5 41. h3 f5 42. f4 Rg6 43. Rxg6 hxg6 44. Kf2 Kd7 45. Ke3 Kc7 46. Kd4 Kd6 47. gxf5 gxf5 48. b6 Kc6 49. Ke5 Kxb6 50. Kxf5 Kc6 51. Kg6 Kd5 52. h4 Ke4 53. f5 Kf4 54. h5 Ke5 55. Kxg7 Kxf5 56. h6 1-0

[Event "Bayern-ch Seniors 16th"]
[Site "Schloss Schney"]
[Date "2004.06.13"]
[Round "8"]
[White "Salomon, Heide"]
[Black "Antusch, Ingrid"]
[Result "1-0"]
[WhiteElo "1579"]
[BlackElo "1471"]
[PlyCount "147"]
[EventDate "2004.06.06"]
[EventType "swiss"]
[EventRounds "9"]
[EventCountry "GER"]
[SourceTitle "EXT 2006"]
[Source "ChessBase"]
[SourceDate "2005.11.24"]
[SourceVersion "1"]
[SourceVersionDate "2005.11.24"]
[SourceQuality "1"]

1. e4 d5 2. exd5 Qxd5 3. Nc3 Qa5 4. Nf3 c6 5. d4 Nf6 6. Bd2 Qc7 7. Bd3 Bg4 8. 0-0 e6 9. d5 cxd5 10. Nb5 Qd8 11. Bf4 Na6 12. Nbd4 Bc5 13. Bb5+ Nd7 14. Re1 0-0 15. Bxd7 Qxd7 16. Ne5 Bxd1 17. Nxd7 Rfd8 18. Nxc5 Nxc5 19. Raxd1 Rac8 20. Re2 Re8 21. Rde1 a6 22. f3 b5 23. b3 Rc7 24. Bxc7 h6 25. b4 Nd7 26. f4 g6 27. f5 gxf5 28. Nxf5 Kh7 29. Bf4 h5 30. Nd6 Rf8 31. Rf2 Kg6 32. Be5 f6 33. Bb2 e5 34. Nb7 Rf7 35. Nc5 Nb6 36. Ref1 d4 37. Ne4 Nd5 38. Rf3 f5 39. Rg3+ Kh6 40. Nd6 Rf6 41. Nxf5+ Kh7 42. Nxd4 exd4 43. Bxd4 Rxf1+ 44. Kxf1 Kh6 45. Be3+ Kh7 46. Kf2 Nxb4 47. Rg5 Nxc2 48. Rxh5+ Kg8 49. Bc5 Kg7 50. Ke2 b4 51. Kd2 Na3 52. Bxb4 Nc4+ 53. Kc3 Ne3 54. Rg5+ Kf6 55. Rg3 Nd5+ 56. Kb3 Kf5 57. h4 Kf4 58. Rg7 Kf5 59. Rg5+ Ke6 60. Rxd5 Kxd5 61. g4 Ke6 62. h5 Kf7 63. g5 Kg7 64. Z0 Kh7 65. g6+ Kh6 66. Ka4 Kxh5 67. g7 Kg6 68. g8Q+ Kf5 69. Qc8+ Ke4 70. Qc4+ Kf3 71. Qd4 Ke2 72. Kb3 Kf3 73. Kc2 Kg3 74. Kd3 1-0

[Event "Wuerttemberg-ch Seniors 16th"]
[Site "Freudenstadt"]
[Date "2004.05.02"]
[Round "1"]
[White "Macher, Claus"]
[Black "Salomon, Heide"]
[Result "1-0"]
[WhiteElo "1995"]
[BlackElo "1645"]
[PlyCount "65"]
[EventDate "2004.05.02"]
[EventType "swiss"]
[EventRounds "9"]
[EventCountry "GER"]
[SourceTitle "EXT 2006"]
[Source "ChessBase"]
[SourceDate "2005.11.24"]
[SourceVersion "1"]
[SourceVersionDate "2005.11.24"]
[SourceQuality "1"]

1. d4 d5 2. c4 Bf5 3. cxd5 Bxb1 4. Rxb1 Qxd5 5. a3 e6 6. Nf3 Nf6 7. e3 Bd6 8. Bd3 0-0 9. 0-0 Nbd7 10. Qc2 Qh5 11. e4 e5 12. dxe5 Nxe5 13. Nxe5 Bxe5 14. h3 Rad8 15. Be3 g5 16. Be2 Qh4 17. Qc1 Nxe4 18. Bf3 h6 19. Re1 Bd6 20. Bxe4 Qxe4 21. Bxg5 Qg6 22. Bxd8 Rxd8 23. Qc3 Qf5 24. Rbd1 Rf8 25. Rd4 h5 26. Qd2 Be5 27. Rd5 Re8 28. f4 Bd4+ 29. Rxd4 Rxe1+ 30. Qxe1 Qc5 31. Qe5 Qb6 32. Kh2 c5 33. Qg5+ 1-0

[Event "Bayern-ch Seniors 15th"]
[Site "Schloss Schney"]
[Date "2003.06.19"]
[Round "7.22"]
[White "Salomon, Heide"]
[Black "Kurz, Leonhard"]
[Result "1-0"]
[WhiteElo "1654"]
[BlackElo "1677"]
[PlyCount "49"]
[EventDate "2003.06.13"]
[EventType "swiss"]
[EventRounds "9"]
[EventCountry "GER"]
[SourceTitle "EXT 2004"]
[Source "ChessBase"]
[SourceDate "2003.11.25"]
[SourceVersion "1"]
[SourceVersionDate "2003.11.25"]
[SourceQuality "1"]

1. e4 c5 2. d4 cxd4 3. c3 dxc3 4. Nxc3 Nc6 5. Nf3 d6 6. Bc4 e6 7. 0-0 a6 8. a4 Bd7 9. Re1 Be7 10. e5 dxe5 11. Ne4 Qc7 12. Nfg5 Bxg5 13. Bxg5 Nd4 14. Rc1 Qb6 15. Be3 Ne7 16. Bxd4 exd4 17. a5 Qb4 18. Qxd4 Nf5 19. Nf6+ gxf6 20. Qxf6 Rg8 21. Qxf5 Rc8 22. Bxe6 fxe6 23. Rxe6+ Bxe6 24. Qxe6+ Qe7 25. Rxc8# 1-0

[Event "Bayern-ch Seniors 15th"]
[Site "Schloss Schney"]
[Date "2003.06.17"]
[Round "5.22"]
[White "Salomon, Heide"]
[Black "Fels, Karl Heinz"]
[Result "0-1"]
[WhiteElo "1654"]
[BlackElo "1804"]
[PlyCount "94"]
[EventDate "2003.06.13"]
[EventType "swiss"]
[EventRounds "9"]
[EventCountry "GER"]
[SourceTitle "EXT 2004"]
[Source "ChessBase"]
[SourceDate "2003.11.25"]
[SourceVersion "1"]
[SourceVersionDate "2003.11.25"]
[SourceQuality "1"]

1. e4 e5 2. d4 exd4 3. c3 d5 4. Qxd4 Be6 5. exd5 Qxd5 6. Nf3 c5 7. Bb5+ Nc6 8. Bxc6+ Qxc6 9. Qe3 Nf6 10. 0-0 Be7 11. Na3 0-0 12. Bd2 Rad8 13. Rfd1 Nd5 14. Qe1 b5 15. Ne5 Qa6 16. Nc2 Bf6 17. f4 Rfe8 18. Qg3 Bf5 19. Ne3 Nxe3 20. Bxe3 c4 21. Bd4 Qb7 22. h4 h5 23. Re1 Kh7 24. Re3 b4 25. Rae1 bxc3 26. bxc3 Qc7 27. Nxc4 Bxd4 28. cxd4 Be6 29. Ne5 Rxd4 30. Qg5 g6 31. Qf6 Bxa2 32. f5 Rd6 33. fxg6+ fxg6 34. Qf2 Bg8 35. Qe2 Rde6 36. Ng4 hxg4 37. Rxe6 Rxe6 38. Qd1 Qc5+ 39. Kh1 Rxe1+ 40. Qxe1 Bd5 41. Qd1 Qc4 42. Qa1 Qc5 43. Qf6 g3 44. Qf4 Bxg2+ 45. Kxg2 Qf2+ 46. Qxf2 gxf2 47. Kxf2 Kh6 0-1

[Event "Bayern-ch Seniors 15th"]
[Site "Schloss Schney"]
[Date "2003.06.14"]
[Round "2.30"]
[White "Jacobsen, Waldfried"]
[Black "Salomon, Heide"]
[Result "0-1"]
[WhiteElo "1275"]
[BlackElo "1654"]
[PlyCount "74"]
[EventDate "2003.06.13"]
[EventType "swiss"]
[EventRounds "9"]
[EventCountry "GER"]
[SourceTitle "EXT 2004"]
[Source "ChessBase"]
[SourceDate "2003.11.25"]
[SourceVersion "1"]
[SourceVersionDate "2003.11.25"]
[SourceQuality "1"]

1. e4 e5 2. Nf3 Nf6 3. Nc3 Bc5 4. Nxe5 Bd4 5. Nf3 Bxc3 6. bxc3 Nxe4 7. Bd3 d5 8. Bb5+ c6 9. Ba4 0-0 10. Ba3 Re8 11. 0-0 Qa5 12. Re1 Qxa4 13. Bb2 Be6 14. d3 Nf6 15. Ng5 Qh4 16. Nxe6 fxe6 17. f3 Nbd7 18. d4 Nb6 19. Rb1 Nc4 20. Bc1 b6 21. a4 Re7 22. g3 Qh5 23. Bf4 Qf5 24. Kg2 g5 25. Be5 Nd7 26. f4 gxf4 27. Bxf4 Rg7 28. Rf1 Qe4+ 29. Rf3 Rf8 30. Bh6 Rxf3 31. Bxg7 Ne3+ 32. Kg1 Nxd1 33. Rxd1 Qe2 34. Ra1 Rf2 35. g4 Rg2+ 36. Kh1 Rxh2+ 37. Kg1 Qg2# 0-1